| 000 | 00627nam a22002057a 4500 | ||
|---|---|---|---|
| 003 | OSt | ||
| 005 | 20260310025639.0 | ||
| 008 | 260310b |||||||| |||| 00| 0 eng d | ||
| 020 | _a981-06-999-4. | ||
| 040 |
_aDWCL Main lib _cOC |
||
| 082 |
_28th ed. _aCirc. 658.5 H473i 2007 |
||
| 100 | _aHeizer, Jay | ||
| 245 |
_aAn introduction to operations management _cJay Heizer |
||
| 250 | _a8th ed. | ||
| 260 |
_aSinagpore : _bPearson Education South Asia Pte Ltd., _cc2007. |
||
| 300 |
_aXXXV, various paging : _bill. ; _c25 cm. |
||
| 650 | _a1. Management. | ||
| 700 | _aBarry Render | ||
| 942 |
_2ddc _cBK-CIRC _e8th ed. _kCirc. _n0 |
||
| 999 |
_c8826 _d8826 |
||